SS Lazio Squad 2022-2023 - Statistics

General Stats
  • This quiz has been taken 204 times
    169 since last reset
  • The average score is 18 of 28
Answer Stats
# Position Nation Player % Correct
7 FW Brazil Felipe Anderson
91%
21 MF Serbia Sergej Milinković-Savić
91%
17 FW Italy Ciro Immobile
88%
10 MF Spain Luis Alberto
88%
9 FW Spain Pedro Rodríguez
88%
5 MF Uruguay Matías Vecino
84%
13 DF Italy Alessio Romagnoli
81%
4 DF Spain Patric
81%
26 DF Romania Ștefan Radu
81%
- Coach Italy Maurizio Sarri
77%
23 DF Albania Elseid Hysaj
75%
94 GK Italy Ivan Provedel
74%
77 DF Montenegro Adam Marušić
73%
1 GK Portugal Luís Maximiano
71%
20 MF Italy Mattia Zaccagni
70%
29 DF Italy Manuel Lazzari
63%
32 MF Italy Danilo Cataldi
61%
15 DF Italy Nicolò Casale
61%
88 MF Croatia Toma Bašić
58%
11 FW Italy Matteo Cancellieri
54%
3 DF Italy Luca Pellegrini
53%
6 MF Brazil Marcos Antônio
51%
34 DF Spain Mario Gila
51%
18 FW Argentina Luka Romero
45%
96 MF Algeria Mohamed Fares
44%
16 DF Serbia Dimitrije Kamenović
27%
31 GK Lithuania Marius Adamonis
25%
50 MF Italy Marco Bertini
8%
No matching quizzes found
Score Distribution
Percent of People with Each Score
Percentile by Number Answered
Your Score History
You have not taken this quiz since the last reset